| Tag |
First Indicator |
Second Indicator |
Subfields |
| LEADER |
00000cam a2200000 i 4500 |
| 001 |
in00000257533 |
| 005 |
20151010053638.0 |
| 008 |
790730c19071906miu 00110 eng d |
| 035 |
|
|
|a (OCoLC)05224810
|
| 035 |
|
|
|9 ABC5250AM
|
| 040 |
|
|
|a TXA
|c TXA
|d UtOrBLW
|
| 049 |
|
|
|a TXAM
|c [719313]
|
| 090 |
|
|
|a F566
|b .H48 1907
|
| 100 |
1 |
|
|a Hemans, Lawton Thomas,
|d 1864-1916.
|
| 245 |
1 |
0 |
|a History of Michigan /
|c by Lawton T. Hemans.
|
| 250 |
|
|
|a 3d ed.
|
| 264 |
|
1 |
|a Lansing, Mich. :
|b Hammond Publishing Co.,
|c 1907
|
| 264 |
|
4 |
|c ©1906
|
| 300 |
|
|
|a 278 pages
|
| 336 |
|
|
|a text
|b txt
|2 rdacontent
|
| 337 |
|
|
|a unmediated
|b n
|2 rdamedia
|
| 338 |
|
|
|a volume
|b nc
|2 rdacarrier
|
| 500 |
|
|
|a Includes index.
|
| 651 |
|
0 |
|a Michigan
|x History.
|
| 999 |
|
|
|a MARS
|
| 999 |
f |
f |
|s 51cb2da3-e27d-3031-a947-990ec128ccf1
|i 1abbfae6-ccfb-366f-8c2b-94ff812d54ed
|t 0
|
| 952 |
f |
f |
|p ric
|a Texas A&M University
|b Rellis Campus
|c Joint Library Facility
|d Remote Storage
|t 0
|e F566 .H48 1907
|h Library of Congress classification
|i unmediated -- volume
|m A14802305128
|
| 998 |
f |
f |
|a F566 .H48 1907
|t 0
|l Remote Storage
|